| 000 | 00463 a2200133 4500 | ||
|---|---|---|---|
| 001 | ART_3303 | ||
| 005 | 20260410161713.0 | ||
| 008 | 260409a | ||
| 245 | 1 | 0 | _aEmpleo, desempleo y tamaño de la fuerza laboral en el mercado de trabajo urbano de la Argentina |
| 100 | 1 | _aSánchez, Carlos E. | |
| 700 | 1 | _aFerrero, Fernando | |
| 700 | 1 | _aSchulthess, Wálter E. | |
| 773 | 0 |
_tDesarrollo económico _g- Vol. 19, Nº 73 (abr./jun. 1979) _wREV1174 |
|
| 999 |
_c16305 _d16305 |
||